[Event "2019 Steve Boniface Memorial Congress O"]
[Site "Bristol"]
[Date "2019.06.23"]
[Round "5.12"]
[White "Stubbs, Oliver"]
[Black "Dilleigh, Stephen P"]
[Result "1/2-1/2"]
[WhiteElo "1870"]
[BlackElo "2003"]
[PlyCount "87"]
[EventDate "2019.06.21"]

1. d4 d5 2. Bf4 Nf6 3. e3 c5 4. c3 Nc6 5. Nd2 cxd4 6. exd4 Bf5 7. Qb3 Qc8 8.
Ngf3 e6 9. Nh4 Be4 10. f3 Bg6 11. Nxg6 hxg6 12. g4 Be7 13. Bd3 Nd7 14. O-O Nf6
15. Rfe1 Qd7 16. Re2 O-O 17. Rae1 Na5 18. Qb5 Qxb5 19. Bxb5 a6 20. Bd3 Rfc8 21.
Bg5 Rc7 22. Bxf6 Bxf6 23. f4 Kf8 24. f5 gxf5 25. gxf5 exf5 26. Bxf5 Re7 27.
Rxe7 Bxe7 28. Re5 Nc4 29. Nxc4 dxc4 30. Be4 Rb8 31. Ra5 g6 32. Bd5 Bg5 33. Rc5
Bc1 34. b3 cxb3 35. axb3 Bb2 36. Rc7 f5 37. Kf2 b5 38. Ke2 b4 39. c4 Bxd4 40.
Rf7+ Ke8 41. h4 Rd8 42. Rb7 Rd6 43. Rxb4 Rb6 44. Rxb6 1/2-1/2

[Event "2019 Steve Boniface Memorial Congress O"]
[Site "Bristol"]
[Date "2019.06.23"]
[Round "5.13"]
[White "Bolt, Graham"]
[Black "Spanton, Tim R"]
[Result "1-0"]
[WhiteElo "1979"]
[BlackElo "1884"]
[PlyCount "55"]
[EventDate "2019.06.21"]

1. Nf3 Nc6 2. d4 d5 3. g3 Bg4 4. Bg2 Qd7 5. Ne5 Nxe5 6. dxe5 c6 7. Qd4 f6 8. e4
dxe4 9. Qxd7+ Bxd7 10. Bxe4 fxe5 11. O-O Nf6 12. Bg2 Bf5 13. c3 e6 14. Nd2 Bc5
15. b4 Bb6 16. a4 Bd3 17. a5 Bxf1 18. Kxf1 Bc7 19. a6 O-O 20. axb7 Rab8 21.
Bxc6 Bb6 22. Nc4 Nd5 23. Nxb6 axb6 24. b5 Kf7 25. c4 Ne7 26. Ra6 Nxc6 27. bxc6
Rfe8 28. Ba3 1-0

[Event "2019 Steve Boniface Memorial Congress O"]
[Site "Bristol"]
[Date "2019.06.23"]
[Round "5.14"]
[White "Smith, Lynda"]
[Black "Paul, Nathanael"]
[Result "0-1"]
[WhiteElo "1825"]
[BlackElo "1949"]
[PlyCount "104"]
[EventDate "2019.06.21"]

1. e4 c6 2. g3 d5 3. Bg2 dxe4 4. Nc3 Nf6 5. Nxe4 Nbd7 6. Qe2 Nxe4 7. Qxe4 Nf6
8. Qe2 Bf5 9. d3 e6 10. Nf3 Bb4+ 11. Bd2 Bxd2+ 12. Qxd2 O-O 13. O-O Qb6 14. Nh4
Bg6 15. Nxg6 hxg6 16. a3 Rfd8 17. Qb4 Nd5 18. Bxd5 Rxd5 19. Qxb6 axb6 20. Rfe1
Kf8 21. f4 b5 22. Re5 Rd4 23. Re4 Rxe4 24. dxe4 Ra4 25. Re1 Ke7 26. e5 g5 27.
fxg5 Rg4 28. g6 Rxg6 29. Re4 Rg5 30. Kg2 c5 31. g4 f6 32. h4 f5 33. hxg5 fxe4
34. Kg3 Kf7 35. Kf4 Kg6 36. Kxe4 Kxg5 37. Kf3 Kh4 38. b3 g5 39. c3 b6 40. a4
bxa4 41. bxa4 Kh3 42. Ke4 Kxg4 43. Kd3 Kf4 44. Kc4 g4 45. Kb5 g3 46. Kxb6 g2
47. a5 g1=Q 48. a6 c4+ 49. Kb7 Kxe5 50. a7 Kd6 51. a8=Q Qg2+ 52. Kb8 Qxa8+ 0-1

[Event "2019 Steve Boniface Memorial Congress O"]
[Site "Bristol"]
[Date "2019.06.23"]
[Round "5.15"]
[White "Vaughan, Alex"]
[Black "Jukes, Sam"]
[Result "0-1"]
[WhiteElo "1929"]
[BlackElo "1861"]
[PlyCount "94"]
[EventDate "2019.06.21"]

{[%evp 0,49,25,21,21,15,17,-18,-14,-25,-33,-33,-35,-8,-8,-8,-8,-8,10,16,47,42,
36,36,36,38,36,40,36,47,42,62,52,65,68,56,65,-33,-35,-35,-35,-17,0,-201,-152,
-156,-123,-104,-78,-201,-126,-318]} 1. e4 e5 2. Nf3 Nc6 3. c3 d5 4. Qa4 Bd7 5.
exd5 Nd4 6. Qd1 Nxf3+ 7. Qxf3 Nf6 8. Bc4 Bd6 9. d3 h6 10. Nd2 O-O 11. Ne4 Nxe4
12. dxe4 f5 13. Bd3 Qe7 14. Be3 fxe4 15. Qxe4 Bf5 16. Qc4 b5 17. Qxb5 Rab8 18.
Qc4 e4 19. Be2 Rxb2 20. Bxa7 Qg5 21. Be3 Qxg2 22. Rf1 Bd7 23. a4 Ra8 24. Qd4
Qxh2 25. Qxe4 Be5 26. Bd2 Rf8 27. Qc4 Bh3 28. d6+ Kh8 29. Qh4 cxd6 30. f4 Bxc3
31. Rd1 Re8 32. Qf2 Qxf2+ 33. Rxf2 Bf6 34. a5 Bh4 35. a6 Ra2 36. a7 Rxa7 37.
Bb4 Rae7 38. Rd2 Bg4 39. Kf1 Bxf2 40. Bxg4 Bc5 41. Bc3 Rf7 42. f5 Re4 43. Bh3
Re3 44. Bxg7+ Kxg7 45. Rg2+ Kf8 46. Bg4 Rxf5+ 47. Bxf5 Rf3+ 0-1

[Event "2019 Steve Boniface Memorial Congress O"]
[Site "Bristol"]
[Date "2019.06.23"]
[Round "5.16"]
[White "Turner, Joseph D"]
[Black "Williams, Stephen M"]
[Result "1-0"]
[WhiteElo "1844"]
[BlackElo "1899"]
[PlyCount "59"]
[EventDate "2019.06.21"]

1. e4 d5 2. exd5 Nf6 3. Bb5+ Bd7 4. Bc4 b5 5. Bb3 Bg4 6. f3 Bc8 7. a4 b4 8. c4
bxc3 9. dxc3 Bb7 10. c4 c6 11. Nc3 e6 12. Bg5 cxd5 13. cxd5 exd5 14. Bxf6 Qxf6
15. Bxd5 Bxd5 16. Qxd5 Nc6 17. O-O-O Rd8 18. Qe4+ Be7 19. Rxd8+ Nxd8 20. Nd5
Qc6+ 21. Kb1 Qg6 22. Nxe7 Qxe4+ 23. fxe4 Kxe7 24. Nf3 Ne6 25. Rc1 f6 26. Rc4
Rd8 27. Kc2 Rd7 28. b4 h5 29. Nh4 Nd4+ 30. Rxd4 1-0

[Event "2019 Steve Boniface Memorial Congress O"]
[Site "Bristol"]
[Date "2019.06.23"]
[Round "5.17"]
[White "Hussain, Adam"]
[Black "Harris, Calum"]
[Result "0-1"]
[WhiteElo "1475"]
[BlackElo "1756"]
[PlyCount "108"]
[EventDate "2019.06.21"]

1. e4 c5 2. Nf3 d6 3. d4 cxd4 4. Nxd4 Nf6 5. f3 g6 6. Nc3 Bg7 7. Be3 Nc6 8. Qd2
O-O 9. Bc4 Bd7 10. g4 a6 11. h4 Ne5 12. Be2 h5 13. g5 Ne8 14. O-O-O Rc8 15.
Rdf1 Nc4 16. Bxc4 Rxc4 17. f4 Rc8 18. f5 Be5 19. Kb1 Nc7 20. Bf4 Bxd4 21. Qxd4
Nb5 22. Nxb5 Bxb5 23. Rd1 Rc4 24. Qd5 Rc5 25. Qd2 Bc6 26. f6 Bxe4 27. fxe7 Qxe7
28. Bxd6 Rxc2 29. Bxe7 Rxd2+ 30. Ka1 Bxh1 31. Rxd2 Rc8 32. b3 Bc6 33. Kb2 Re8
34. Bf6 Kf8 35. Bc3 Re4 36. Rh2 Rg4 37. a3 Rg2+ 38. Rxg2 Bxg2 39. Bf6 Ke8 40.
Kc3 Kd7 41. Kd4 Ke6 42. b4 Kf5 43. Ke3 Kg4 44. Bd4 Kxh4 45. Kf4 Bc6 46. Bf2+
Kh3 47. Be1 Kg2 48. Bh4 Kf1 49. Bg3 Ke2 50. Bh4 Kd3 51. Ke5 Kc4 52. Kf6 Bd5 53.
Bf2 Kb3 54. Bc5 h4 0-1

[Event "2019 Steve Boniface Memorial Congress O"]
[Site "Bristol"]
[Date "2019.06.23"]
[Round "5.18"]
[White "Walker, Max"]
[Black "Cizek, Ondrej"]
[Result "0-1"]
[WhiteElo "1694"]
[BlackElo "1846"]
[PlyCount "76"]
[EventDate "2019.06.21"]

1. e4 e5 2. Nf3 Nc6 3. Bb5 a6 4. Ba4 d6 5. c3 Bd7 6. O-O g6 7. d4 Bg7 8. d5 Nb8
9. Bxd7+ Nxd7 10. Ng5 h6 11. Nh3 g5 12. Na3 Ndf6 13. f3 Ne7 14. Nc2 Qd7 15. Ne3
Nh5 16. b4 O-O 17. Nf2 Nf4 18. g3 Nfg6 19. Ng2 f5 20. c4 Rf7 21. Bb2 Raf8 22.
Qc2 Kh7 23. c5 g4 24. fxg4 fxg4 25. Nd3 Ng8 26. Qe2 Rf3 27. Ne3 N8e7 28. a4 h5
29. Nc4 Nc8 30. Na5 h4 31. Kg2 Bh6 32. Nxb7 Qe7 33. Nf2 hxg3 34. Nxg4 Rf2+ 35.
Rxf2 Rxf2+ 36. Qxf2 gxf2 37. Nxf2 Qg5+ 38. Kf1 Nf4 0-1

[Event "2019 Steve Boniface Memorial Congress O"]
[Site "Bristol"]
[Date "2019.06.23"]
[Round "5.19"]
[White "Fava, Lorenzo"]
[Black "Fowler, Hugo"]
[Result "0-1"]
[WhiteElo "1603"]
[BlackElo "1796"]
[PlyCount "110"]
[EventDate "2019.06.21"]

1. e4 e5 2. Nf3 Nc6 3. Bc4 Bc5 4. O-O Nf6 5. d4 Bxd4 6. Nxd4 Nxd4 7. f4 d6 8.
Nc3 Be6 9. Bxe6 Nxe6 10. Qe1 c6 11. Qf2 Qb6 12. Qxb6 axb6 13. Be3 Nxf4 14. Bxf4
exf4 15. Rxf4 O-O-O 16. Rd1 Rhe8 17. a4 Kc7 18. Rff1 Rd7 19. Rfe1 Rde7 20. Rf1
Nd7 21. h3 f6 22. Rde1 d5 23. Rf4 Nc5 24. Rf3 d4 25. b4 dxc3 26. bxc5 Rxe4 27.
cxb6+ Kxb6 28. Rb1+ Kc7 29. a5 Re3 30. Rxe3 Rxe3 31. Kf2 Re5 32. Rb3 Rxa5 33.
Rxc3 Kd6 34. Ke3 Rc5 35. Rd3+ Ke6 36. c3 Rd5 37. Rd4 Rxd4 38. Kxd4 Kd6 39. g3
b5 40. h4 c5+ 41. Kd3 Ke5 42. Ke3 b4 43. Kd3 bxc3 44. Kxc3 Ke4 45. Kc4 Kf3 46.
Kxc5 Kxg3 47. h5 f5 48. Kd4 f4 49. Ke5 f3 50. Ke6 f2 51. Kf7 f1=Q+ 52. Kxg7 Kg4
53. h6 Kg5 54. Kxh7 Qf7+ 55. Kh8 Kg6 0-1

[Event "2019 Steve Boniface Memorial Congress O"]
[Site "Bristol"]
[Date "2019.06.23"]
[Round "5.20"]
[White "Leroy, Jason"]
[Black "Lovell, William Pm"]
[Result "0-1"]
[WhiteElo "1474"]
[BlackElo "1784"]
[PlyCount "84"]
[EventDate "2019.06.21"]

{[%evp 0,84,16,28,44,54,43,10,10,10,28,-33,-5,-12,-11,-82,-67,-56,-52,-36,-32,
-22,-37,-34,-33,4,2,-52,-31,-50,9,-43,-11,-13,-32,-68,-45,-98,12,-50,-34,-57,
-7,-15,-31,-55,-23,-83,-26,-71,-25,-64,18,-53,14,15,37,5,63,109,160,243,280,
-390,-390,-542,-625,-573,-599,-595,-547,-595,-595,-875,-625,-700,-710,-875,
-804,-829,-800,-1292,-1044,-1039,-996,-1368,-1641]} 1. e4 c5 2. Nf3 Nc6 3. d4
cxd4 4. Nxd4 e5 5. Nf3 Nf6 6. Nc3 Bb4 7. Bd3 d5 8. Bg5 d4 9. a3 Bxc3+ 10. bxc3
Qa5 11. O-O dxc3 12. Bxf6 gxf6 13. Nh4 Nd4 14. Qh5 Qb6 15. Kh1 Be6 16. f4 Qc5
17. Rfb1 O-O-O 18. Rb4 Qe7 19. f5 Bd7 20. Rc4+ Bc6 21. Rxc3 Kb8 22. a4 Qd7 23.
Qd1 Qe7 24. Qb1 Ka8 25. Rca3 Bd7 26. Qb2 Rb8 27. a5 Qd8 28. Bc4 Rf8 29. a6 b5
30. Bd5+ Bc6 31. Qc3 Bxd5 32. exd5 b4 33. Qc5 bxa3 34. d6 Qd7 35. Qd5+ Qc6 36.
Qa2 Qxc2 37. Qd5+ Qc6 38. Qa2 Qxd6 39. Qc4 Qc6 40. Qd3 Rb3 41. Qf1 Rfb8 42. Rd1
a2 0-1

[Event "2019 Steve Boniface Memorial Congress O"]
[Site "Bristol"]
[Date "2019.06.23"]
[Round "5.21"]
[White "Juciute, Einora"]
[Black "Fava, Achille"]
[Result "1-0"]
[WhiteElo "1741"]
[BlackElo "1529"]
[PlyCount "67"]
[EventDate "2019.06.21"]

1. e4 e5 2. Nf3 Nc6 3. Bb5 a6 4. Ba4 Nf6 5. O-O Be7 6. d4 exd4 7. e5 Nd5 8.
Nxd4 Nxe5 9. Nf5 Nb6 10. Nxg7+ Kf8 11. Bh6 Kg8 12. Qd4 Bf6 13. Qf4 Nxa4 14. Nh5
Nf3+ 15. Qxf3 Bg5 16. Qg3 f6 17. Bxg5 fxg5 18. Qb3+ Kf8 19. Qxa4 d6 20. Nc3 Bd7
21. Qd4 Rg8 22. f4 g4 23. Ne4 Rc8 24. Nhf6 Rg7 25. Nxd7+ Qxd7 26. Ng5 Re8 27.
Rae1 h6 28. Qf6+ Kg8 29. Rxe8+ Qxe8 30. Qe6+ Kf8 31. Qxh6 Qg6 32. Ne6+ Kf7 33.
Qxg7+ Qxg7 34. Nxg7 1-0